Statistics for Name a War Based on an Important Battle- Hard Edition

Click here to take the quiz!

General Stats

  • This quiz has been taken 14 times
  • The average score is 9 of 16

Answer Stats

BattleWar% Correct
Battle of HuếVietnam War
91%
Battle of JutlandWorld War I
91%
Battle of CannaeSecond Punic War
73%
Battle of New OrleansWar of 1812
73%
Battle of FredericksburgAmerican Civil War
64%
Battle of SedanFranco-Prussian War
64%
Battle of Pork Chop HillKorean War
64%
Battle of EylauNapoleonic Wars
64%
Battle of CowpensAmerican Revolutionary War
55%
Battle of BalaclavaCrimean War
55%
Battle of SalamisGreco-Persian War
55%
Battle of IsandlwanaAnglo-Zulu War
45%
Battle of the Plains of AbrahamSeven Years' War
45%
Battle of LützenThirty Years' War
36%
Battle of Spion KopSecond Boer War
27%
Battle of Buena VistaMexican–American War
18%

Score Distribution

Percentile by Number Answered

Percent of People with Each Score

Your Score History

You have not taken this quiz